Fr. Conceicao Rodrigues College of Engineering

The 8085 /SDK-85{HANDS ON VOL 2} (Record no. 35385)

MARC details
000 -LEADER
fixed length control field 00319nam a2200145Ia 4500
082 ## - DEWEY DECIMAL CLASSIFICATION NUMBER
Classification number 621.381953
Item number BOY
100 ## - MAIN ENTRY--PERSONAL NAME
Personal name Boyet/ Howard
245 ## - TITLE STATEMENT
Title The 8085 /SDK-85{HANDS ON VOL 2}
260 ## - PUBLICATION, DISTRIBUTION, ETC.
Name of publisher, distributor, etc. MIT Publications
Place of publication, distribution, etc. U.S.A
Date of publication, distribution, etc. 1982
300 ## - PHYSICAL DESCRIPTION
Extent 814
546 ## - LANGUAGE NOTE
Language note ENGLISH
654 ## - SUBJECT ADDED ENTRY--FACETED TOPICAL TERMS
Focus term computer
942 ## - ADDED ENTRY ELEMENTS (KOHA)
Koha item type BOOK
Holdings
Withdrawn status Lost status Damaged status Not for loan Collection Home library Current library Shelving location Date acquired Cost, normal purchase price Total Checkouts Full call number Barcode Date last seen Cost, replacement price Price effective from Koha item type
        CRC Fr. Agnel's C.Rodrigues College of Engineering Fr. Agnel's C.Rodrigues College of Engineering   17/03/2023 425.00   621.381953 BOY 2201 17/03/2023 425.00 17/03/2023 BOOK
        CRC Fr. Agnel's C.Rodrigues College of Engineering Fr. Agnel's C.Rodrigues College of Engineering   17/03/2023 400.00   4.165 BOY 5249 17/03/2023 400.00 17/03/2023 BOOK